Indian States by Date of Statehood - Statistics

General Stats
  • This quiz has been taken 12 times
  • The average score is 24 of 36
Answer Stats
Date State % Correct
January 26th, 2020 Dadra and Nagar Haveli and Daman and Diu
100%
October 31st, 2019 Jammu and Kashmir
90%
January 26th, 1950 Assam
80%
January 26th, 1950 Bihar
80%
November 1st, 2000 Chhattisgarh
80%
November 15th, 2000 Jharkhand
80%
October 31st, 2019 Ladakh
80%
January 26th, 1950 Odisha
80%
June 2nd, 2014 Telangana
80%
January 26th, 1950 Uttar Pradesh
80%
January 26th, 1950 West Bengal
80%
May 1st. 1960 Gujarat
70%
January 26th, 1950 Madhya Pradesh
70%
May 1st, 1960 Maharashtra
70%
January 21st, 1972 Manipur
70%
January 21st, 1972 Meghalaya
70%
February 20th, 1987 Mizoram
70%
January 26th, 1950 Rajasthan
70%
May 16th, 1975 Sikkim
70%
November 9th, 2000 Uttarakhand
70%
May 30th, 1987 Goa
60%
November 1st, 1966 Haryana
60%
January 25th, 1971 Himachal Pradesh
60%
November 1st, 1956 Karnataka
60%
November 1st, 1956 Kerala
60%
November 1st, 1966 Punjab
60%
November 1st, 1956 Tamil Nadu
60%
November 1st, 1956 Andaman and Nicobar Islands
50%
November 1st, 1956 Andhra Pradesh
50%
February 20th, 1987 Arunachal Pradesh
50%
November 1st, 1966 Chandigarh
50%
November 1st, 1956 Delhi
50%
November 1st, 1956 Lakshadweep
50%
December 1st. 1963 Nagaland
50%
August 16th, 1962 Puducherry
50%
January 21st, 1972 Tripura
50%
No matching quizzes found
Score Distribution
Percent of People with Each Score
Percentile by Number Answered
Your Score History
You have not taken this quiz